Statistics for Music Trivia: Best Selling Music Artists Not From The US or UK

Click here to take the quiz!

General Stats

  • This quiz has been taken 159 times
  • The average score is 5 of 15

Answer Stats

country of originAnswer% Correct
BarbadosRihanna
90%
SwedenABBA
77%
ColombiaShakira
62%
CanadaJustin Bieber
60%
IrelandU2
57%
CanadaCeline Dion
54%
AustraliaAC/DC
33%
SpainJulio Iglesias
33%
CanadaDrake
25%
JapanB'z
7%
AustraliaOlivia Newton-John
7%
CanadaShania Twain
7%
IrelandEnya
6%
FranceJohnny Hallyday
4%
JapanAyumi Hamasaki
1%

Score Distribution

Percentile by Number Answered

Percent of People with Each Score

Your Score History

You have not taken this quiz